Plan de acción para la conservación de los anfibios amenazados de Bolivia 2013-2017 (Registro nro. 17787)

Detalles MARC
000 -CABECERA
Campo de control 01371nam a22002537a 4500
005 - FECHA Y HORA DE LA ULTIMA TRANSACCION
Campo de control 20150918120507.0
008 - ELEMENTOS DE LONGITUD FIJA—INFORMACION GENERAL
Campo de control 150918t2013 bo |||||r||||f00| 0 spa d
040 ## - FUENTE DE CATALOGACIÓN
Agencia catalogadora original CO-BoIAVH
Agencia transcriptora CO-BoIAVH
041 0# - IDIOMA
Código de idioma para texto/pista de sonido o título separado Español
044 ## - PAÍS DE PUBLICACIÓN
País de publicación Bolivia
082 04 - NUMERO DE CLASIFICACION DECIMAL DEWEY
Número de clasificación 333.9572
Número del ítem M68p
110 2# - ASIENTO PRINCIPAL--NOMBRE CORPORATIVO
Nombre corporativo o de jurisdicción como elemento de entrada Bolivia.
Unidad subordinad Ministerio de Medio Ambiente y Agua
9 (RLIN) 38850
245 1# - MENCION DE TITULO
Título Plan de acción para la conservación de los anfibios amenazados de Bolivia 2013-2017
260 ## - PUBLICACION, DISTRIBUCION, ETC. (PIE DE IMPRENTA)
Lugar de publicación, distribución, etc. La Paz (Bolivia):
Nombre del editor, distribuidor, etc. Ministerio de Medio Ambiente y Agua,
Fecha de publicación, distribución, etc. 2013.
300 ## - DESCRIPCION FISICA
Extensión 157 páginas :
Otros detalles físicos mapas, gráficas y fotografías a color ;
Dimensiones 23 cm
504 ## - NOTA DE BIBLIOGRAFIA, ETC.
Nota de bibliografía Incluye referencias bibliográficas (páginas 149-156).
505 0# - NOTA DE CONTENIDO
Nota de contenido 1. Política nacional para la conservación de la vida silvestre.<br/>2. Introducción.<br/>3. Marco legal para la conservación, protección y manejo de los anfibios de Bolivia.<br/>4. Constitución política del estado plurinacional de Bolivia.<br/>5. Programas y actores para la conservación.<br/>6. Plan de acción de especies amenazadas.<br/>7. Implementación del plan.
650 #6 - ASIENTO SECUNDARIO DE MATERIA - TERMINO TEMATICO
Término temático o nombre geográfico como elemento de entrada Anfibios
Subdivisión general Conservación de especímenes
Subdivisión geográfica Bolivia
9 (RLIN) 38851
650 #6 - ASIENTO SECUNDARIO DE MATERIA - TERMINO TEMATICO
Término temático o nombre geográfico como elemento de entrada Anfibios
Subdivisión general Planes de acción
Subdivisión geográfica Bolivia
9 (RLIN) 38852
650 #6 - ASIENTO SECUNDARIO DE MATERIA - TERMINO TEMATICO
Término temático o nombre geográfico como elemento de entrada Conservación de fauna
Subdivisión general Anfibios
Subdivisión geográfica Bolivia
9 (RLIN) 38853
650 #6 - ASIENTO SECUNDARIO DE MATERIA - TERMINO TEMATICO
Término temático o nombre geográfico como elemento de entrada Anfibios
Subdivisión general especies amenazadas
Subdivisión geográfica Bolivia
9 (RLIN) 38854
700 1# - ASIENTO SECUNDARIO - NOMBRE PERSONAL
Nombre personal Aguayo, Rodrigo
Término de relación Editor
-- Coordinador
9 (RLIN) 38855
942 ## - ELEMENTOS ADICIONALES (KOHA)
Sistema de clasificación Dewey Decimal Classification
Tipo de ítem Libro
Existencias
Withdrawn status Lost status Sistema de Clasificación Damaged status No para préstamo Colección Inventariado Ubicación Permanente Ubicación actual Fecha de adquisición Fuente de Valor Valor Total Checkouts Número topográfico Inventario / Código de Barras Date last seen Ejemplar Price effective from Forma de adquisición Tipo de material
    Dewey Decimal Classification     General Inventariado 2017 Bogotá Bogotá 18/09/2015 Instituto 39000.00   LB-333.9572 M68p 038937 18/09/2015 Ej. 1 18/09/2015   Libro